Normal view
MARC view
- DE-MTS-32
Entry Topical Term
001 - CONTROL NUMBER
- control field: 71624
003 - CONTROL NUMBER IDENTIFIER
- control field: NUST
005 - DATE AND TIME OF LATEST TRANSACTION
- control field: 20210628204645.0
008 - FIXED-LENGTH DATA ELEMENTS
- fixed length control field: 210628|| aca||aabn | a|a d
040 ## - CATALOGING SOURCE
- Original cataloging agency: NUST
- Transcribing agency: NUST
150 ## - HEADING--TOPICAL TERM
- Topical term or geographic name entry element: DE-MTS-32
670 ## - SOURCE DATA FOUND
- Source citation: Work cat.: (NUST): HIRA AFZAL, NAMRA RIAZ, UZMA UBAID, AMIR GHAFOOR 71623, PR-SOF-1347-DESIGN AND CONTROL OF FIVE FINGER MYOELECTRIC ANTHROPOID HAND, 2014
